| 000 | 00398nam a2200169Ia 4500 | ||
|---|---|---|---|
| 008 | 230917s9999||||xx |||||||||||||| ||und|| | ||
| 020 | _cPON4.5 | ||
| 040 |
_e22887 _aMAIN |
||
| 041 | _aEnglish | ||
| 082 | _a342 U1P | ||
| 100 | _aUpadhyay, Jai Jai Ram | ||
| 245 | 0 | _aPrashasnik vidhi | |
| 250 | _a6th ed. | ||
| 260 |
_aAllahabad _bCentral Law Agency _c2002 |
||
| 300 | _a594 p. | ||
| 942 | _cBK | ||
| 999 |
_c187713 _d187713 |
||